Quiz sur l'Épicurisme - Statistiques

Statistiques générales
  • Ce quiz a été pris 9 fois
  • Le résultat moyen est 3 sur 10
Statistiques - réponses
Questions Réponses % Correct
De quoi est composé l'univers selon Épicure ? D'atomes
86%
Comment son école était-elle couramment appelée ? L'école du Jardin
86%
Selon Épicure, pour être heureux, il faut se contenter des désirs naturels, quels sont les désirs naturels de l'âme ? Donnez en un. -La philosophie-L'amitié
43%
Que signifie "ataraxie", élément majeur de la doctrine épicurienne ? Absence de trouble
29%
Qu'est ce que le "Quadruple Remède" d'Épicure ? Donnez une citation. -Les dieux ne sont pas à craindre-La mort n'est pas à craindre -Le bonheur est facile à atteindre -La douleur est supportable
29%
Quelle grande doctrine a existé en même temps que l'Épicurisme ? Le Stoïcisme
29%
En quelle année Épicure a-t-il crée l'épicurisme ? 306 av. J-C
14%
Qui était le disciple d'Épicure, qui a contribué à faire connaître sa doctrine ? Lucrèce
14%
Que signifie "aponie" ? Absence de douleur (physique)
0%
Dans quel ouvrage ce dernier parle-t-il d'Épicure ? De la Nature
0%
Aucun quiz correspondant
Distribution des résultats
% des personnes avec chaque résultat
Percentile par nombre de réponses
Votre historique - résultats
Vous n’avez pas pris ce quiz